| 000 | 00563nam a2200169Ia 4500 | ||
|---|---|---|---|
| 003 | GCL | ||
| 005 | 20240530105032.0 | ||
| 008 | 140319s9999 xx 000 0 ara d | ||
| 040 |
_aGCL / _cGCL |
||
| 082 | 0 | 4 |
_a541.3 _bم ا |
| 100 | 1 | _aمحمد صلاح حميد العنبكى | |
| 245 | 1 | 0 |
_aاسس حسابات الهندسة الكيمياوية / _cمحمد صلاح حميد العنبكى |
| 260 |
_aبغداد : _bجامعة الموصل ، _c1985 |
||
| 300 |
_a704 ص ؛ _c24 سم |
||
| 650 | 0 | 4 | _aالكيمياء الفيزيائية |
| 942 |
_2ddc _cBK |
||
| 999 |
_c52654 _d52654 |
||